ბათუმის შოთა რუსთაველის სახელმწიფო უნივერსიტეტის ბიბლიოთეკა

აგრარული სექტორის ეკონომიკური პრობლემები და მისი დაძლევის პერსპექტივები (აჭარის მაგალითზე) / (ბიბ.ჩანაწერი № 56919)

000 -ლიდერი
ფიქსირებული სიგრძის საკონტროლო ველი 01471nam a22002537a 4500
003 - საკონტროლო ნომრის იდენტიფიკატორი
საკონტროლო ველი Ge_BSU
005 - ბოლო ოპერაციის თარიღი და დრო
საკონტროლო ველი 20190620152700.0
008 - ფიქსირებული სიგრძის მონაცემთა ელემენტები - ზოგადი ინფორმაცია
ფიქსირებული სიგრძის საკონტროლო ველი 190620b2018 ge ||||| |||| 00| 0 geo d
020 ## - წიგნის საერთაშორისო სტანდარტული ნომერი
International Standard Book Number 9789941264665
041 ## - ენის კოდი
Language code of text/sound track or separate title geoi
080 ## - უნივერსალური ათობითი კლასიფიკაციის ინდექსი
Universal Decimal Classification number 338.43(479.223) ჯ-28
100 ## - მთავარი ჩანაწერი - პიროვნების სახელი
Personal name ჯახაია, ლელა.
9 (RLIN) 2658
245 ## - ცნობა სათაურის შესახებ
Title აგრარული სექტორის ეკონომიკური პრობლემები და მისი დაძლევის პერსპექტივები (აჭარის მაგალითზე) /
Statement of responsibility, etc ლელა ჯახაია ; რედ : პაატა კოღუაშვილი .
264 ## - წარმოების, გამოცემის, დისტრიბუციის და სხვა ცნობები
გამოცემის, წარმოების, დისტრიბუციის... ადგილი თბილისი :
გამოცემის, წარმოების, დისტრიბუციის... სახელწოდება უნივერსალი,
გამოცემის, წარმოების, დისტრიბუციის... თარიღი 2018.
300 ## - ფიზიკური აღწერა
Extent 188 გვ.:
Other physical details ილ ;
Dimensions 20 სმ.
500 ## - ზოგადი შენიშვნა
General note ცხრილ.
504 ## - BIBLIOGRAPHY, ETC. NOTE
Bibliography, etc ბიბლიოგრაფ.გვ: 153-165
653 ## - INDEX TERM--UNCONTROLLED
Uncontrolled term აგრაგული სექტორის ეკონომიკა - აჭარა
700 ## - ADDED ENTRY--PERSONAL NAME
Personal name კოღუაშვილი პაატა
Relator term რედაქტორი
9 (RLIN) 2659
710 ## - ADDED ENTRY--CORPORATE NAME
Corporate name or jurisdiction name as entry element ბათუმის შოთა რუსთაველის სახელმწიფო უნ-ტი
9 (RLIN) 2660
710 ## - ADDED ENTRY--CORPORATE NAME
Corporate name or jurisdiction name as entry element ეკონომიკისა და ბიზნესისი ფაკულტეტი
9 (RLIN) 2661
710 ## - ADDED ENTRY--CORPORATE NAME
Corporate name or jurisdiction name as entry element ეკონომიკის დეპარტამენტი
9 (RLIN) 2662
942 ## - ADDED ENTRY ELEMENTS (KOHA)
Source of classification or shelving scheme
Koha item type წიგნი
ეგზემპლარები
ჩამოწერის სტატუსი დაკარგული ეგზემპლარის სტატუსი კლასიფიკაციის წყარო ან თაროზე გაწყობის სქემა დაზიანების სტატუსი არ გაიცემა მუდმივი მდებარეობა (დაცვის ადგილი) ამჟამინდელი ადგილსამყოფელი თაროზე განთავსების ადგილი შეძენის თარიღი ღირებულება, შესყიდვის ნორმალური ფასი სრული შენახვის შიფრი შტრიხკოდი ბოლო ოპერაციის თარიღი ეგზემპლარის მიმდევრობითი ნომერი (კეტერი?) ფასის ძალაში შესვლის თარიღი ეგზემპლარის სახეობა საჯარო შენიშვნა
          ბათუმის შოთა რუსთაველის სახელმწიფო უნივერსიტეტის მთავარი ბიბლიოთეკა ბათუმის შოთა რუსთაველის სახელმწიფო უნივერსიტეტის მთავარი ბიბლიოთეკა წიგნსაცავი 2019-06-20 7.00 338.43(479.223) ჯ-28 59806 2019-06-20 59806 2019-06-20 წიგნი 7 ლ. 50 თ.
          ბათუმის შოთა რუსთაველის სახელმწიფო უნივერსიტეტის მთავარი ბიბლიოთეკა ბათუმის შოთა რუსთაველის სახელმწიფო უნივერსიტეტის მთავარი ბიბლიოთეკა წიგნსაცავი 2019-06-20 7.00 338.43(479.223) ჯ-28 59807 2019-06-20 59807 2019-06-20 წიგნი 7 ლ. 50 თ.
          ბათუმის შოთა რუსთაველის სახელმწიფო უნივერსიტეტის მთავარი ბიბლიოთეკა ბათუმის შოთა რუსთაველის სახელმწიფო უნივერსიტეტის მთავარი ბიბლიოთეკა წიგნსაცავი 2019-06-20 7.00 338.43(479.223) ჯ-28 59808 2019-06-20 59808 2019-06-20 წიგნი 7 ლ. 50 თ.